000 00309nam a22001337a 4500
008 170330b xxu||||| |||| 00| 0 eng d
020 _a1550091298
041 _aeng
080 _23ED
_a616-053.2
100 _a8
101 _aSHM
245 _aPEDIATRIC GASTROINTESTINAL DISEASE
_cWALKER.W.A
942 _2udc
_cBK
999 _c9134
_d9134